Statistics for Answers Contain "War"

Click here to take the quiz!

General Stats

  • This quiz has been taken 39,284 times
    (15,491 since last reset)
  • The average score is 13 of 18

Answer Stats

Clue Answer % Correct
Capital of PolandWarsaw
99%
Movie that introduced the lightsaberStar Wars
95%
War within a single countryCivil War
94%
Team rope-pulling contestTug of War
84%
What P.O.W. stands forPrisoner of War
84%
War symbolized by the Berlin WallCold War
82%
All is fair in ...Love and War
80%
Original name of World War OneThe Great War
80%
Tolstoy novelWar and Peace
78%
Wizard or sorcererWarlock
75%
War engaged in by eager buyers
at an auction
Bidding War
72%
Crusade or jihad, for exampleHoly War
64%
Violation of the Geneva ConventionWar Crime
64%
Sun Tzu bookThe Art of War
61%
War fought by Achilles and HectorTrojan War
61%
The third Avengers movieInfinity War
52%
"Princess Bride" advice: Never get
involved in a ____ ___ in Asia
Land War
29%
Type of war marked by
"scorched Earth" tactics
Total War
20%

Score Distribution

Percentile by Number Answered

Percent of People with Each Score

Your Score History

You have not taken this quiz since the last reset